000 nam a22 7a 4500
999 _c8843
_d8843
008 180120b ||||| |||| 00| 0 eng d
100 _aJain.S.K.etal.
_95167
245 _aScience and Technology
260 _aNew Delhi
_bPrachi
_c2010